| 000 | 00393cam a22001337a 4500 | ||
|---|---|---|---|
| 008 | 180718b1955 xxu||||| |||| 00| 0 eng d | ||
| 082 | _aA81x5421 In2/51/42 | ||
| 100 | _aCensus of India 1951 | ||
| 245 | _aDistrict census handbook, Rae Bareli | ||
| 260 |
_aRampur _bSuperintendent, Census Operations _c1955 |
||
| 300 | _a213p. | ||
| 440 | _aCensus of India 1951 | ||
| 650 | _aRae Bareli - Census | ||
| 999 |
_c480889 _d480889 |
||